| 000 | 00930nam a2200265Ia 4500 | ||
|---|---|---|---|
| 003 | OSt | ||
| 005 | 20220927110413.0 | ||
| 006 | a|||||r|||| 00| 0 | ||
| 007 | ta | ||
| 008 | 220926b |||||||| |||| 00| 0 eng d | ||
| 024 | _a63203 | ||
| 037 | _cReports | ||
| 040 |
_aRTL _cRTL _beng |
||
| 041 |
_2eng _aeng |
||
| 082 | _a"X64:(D6,9(B).2.N99t, P1/GD" | ||
| 110 |
_a"Reserve Bank of India, Data Dissemination (Adv. Group on-) (1999) (Chairman P.M. Visaria)" _9377815 |
||
| 245 | 0 | _aReports | |
| 260 |
_aMumbi _bReserve Bank Of India India _c2001 |
||
| 300 |
_a117p _ccm. |
||
| 490 | _aStanding Committee On International Financial Standards And Codes | ||
| 650 |
_aMoney Markets _9351417 |
||
| 700 |
_a"Reserve Bank of India, Data Dissemination (Adv. Group on-) (1999) (Chairman P.M. Visaria)" _9377816 |
||
| 942 |
_h"X64:(D6,9(B).2.N99t, P1/GD" _cCC |
||
| 999 |
_c696456 _d696456 |
||